000 00378nam a2200145Ia 4500
008 240624s9999 xx 000 0 und d
041 _aeng
082 _a659.144 KUE
100 _aKUEGLER THOMAS J
245 _aWEB ADVERTISING AND MARKETING MAKE THE W
250 _a(3rd ed.)
260 _c2000
_aNew Delhi
_bPrentice-Hall
300 _axxiv, : 536 : p. : cm. ; 24
365 _cRS
999 _c415
_d415